| 000 | 00523nam a2200169 a 4500 | ||
|---|---|---|---|
| 005 | 20140412111307.0 | ||
| 008 | 010321s19uu xx 00 eng d | ||
| 020 | _a4-915249-61-1 | ||
| 050 |
_aTR(PS E _bNo811 1989 |
||
| 100 | _aHirata, Shogo | ||
| 245 |
_aNorth wind and the sun (The) : _ba lion and a mosquito/an eagle and a crown / _cShogo Hirata. |
||
| 260 |
_aTokyo : _bJoie, Inc, _c1989. |
||
| 300 | _a1 v. (unp.) ; ill. | ||
| 440 | _aIllustrated Fantasy Book for Children, 7 | ||
| 650 | _aFables | ||
| 999 |
_c103773 _d103773 |
||